000 00597nam a2200169 a 4500
001 000022394
005 20200930011718.0
008 101007s2015 pr r 000 0 spa d
040 _aDO-SdBNP
_bspa
_cBNPHU
082 _axxxx
_bN499g
100 1 _aNevárez, Herminio
_946179
245 1 3 _aLa guía del éxito :
_bpasaporte a la independencia financiera /
_cHerminio Nevárez.
260 _aPuerto Rico :
_bInternational Networkers Team,
_c2015.
300 _a144 p. :
_bil. ;
_c19 cm.
500 _aIncluye referencias bibliográficas y notas al pie de las páginas
590 _aInventariado, 2020/BT
999 _c21892
_d21892